| 000 | 00684nam a2200229Ia 4500 | ||
|---|---|---|---|
| 005 | 20241129104254.0 | ||
| 008 | 241129s9999||||xx |||||||||||||| ||und|| | ||
| 020 | _a9781642595918 | ||
| 037 | _aTextual | ||
| 040 |
_aRTL _beng _cRTL |
||
| 041 |
_aeng _2eng |
||
| 084 |
_aR13 R1.1-.2 _qRTL |
||
| 100 | _aSekine Thomas | ||
| 245 | 0 |
_aDialectic of capital: A study of the inner logic of capitalism. 2 Vols _cSekine Thomas |
|
| 260 |
_aNetherland _bB.A.P _c2021 |
||
| 300 | _axx,422p. | ||
| 365 |
_aINR _bRs.2922.15 |
||
| 490 |
_aHistorical Materialism Book Series _vV1 |
||
| 650 | _aLogic of Capitalism | ||
| 942 |
_cTB _hR13 R1.1-.2 |
||
| 999 |
_c1225165 _d1225165 |
||